Statistics for Anatomy and Physiology Body Systems

Click here to take the quiz!

General Stats

  • This quiz has been taken 154 times
  • The average score is 8 of 12

Answer Stats

HintAnswer% Correct
forms the physical foundation of the body and is composed of 206 bonesskeletal
94%
Breaks down food into nutrientsdigestive
91%
Makes blood and oxygen available to the body structures through respirationrespiratory
86%
Produces offspring and transfers genetic materialreproductive
83%
Controls hormone levels in the body that determine health, growth, and reproductionendocrine
79%
Coordinates all other systems , allows them to work efficientlyNervous
70%
Covers, shapes, and holds the skeletal system in placemuscular
68%
Controls movement of blood through the bodycirculatory
63%
provides a protective covering and regulates temperatureintegumentary
46%
Eliminates waste from the bodyExcretory
38%
Protects the body from disease by developing immunitiesLymphatic
36%
groups of organs acting together to perform one or more functionsbody system
10%

Score Distribution

Percentile by Number Answered

Percent of People with Each Score

Your Score History

You have not taken this quiz